Pöstyén Ferencz József ut
Zobrazenie: Pohľad na ulicu Franca Jozefa. Vľavo je rad vysokých listnatých stromov. Vpravo je synagóga a rad budova za ňou. Na chodníku pred budovami sú v rade za sebou zasadené listnaté stromy. Chodník lemujú aj elektrické stĺpy. Vpravo v popredí je na chodníku jedna osoba. V pozadí vpravo na chod...
| Format: | Photo |
|---|---|
| Language: | Hungarian German |
| PhysicalDescription: | 1 pohľadnica čiernobiela 9 x 14 cm |
| Published: |
Pöstyén
Kohn Bernát
[medzi 1905 a 1930?]
|
| Subjects: |
MARC
| LEADER | 00000ckm a2200000 a 4500 | ||
|---|---|---|---|
| 001 | vtls011571948 | ||
| 003 | SK-MaSNL | ||
| 005 | 20260301041444.0 | ||
| 007 | kf bo | ||
| 008 | 230718q1905 xo g kuhun | ||
| 015 | |a SNBG | ||
| 035 | |a urn:nbn:sk:snk-km00dz33 | ||
| 035 | |a urn:nbn:sk:snk-km3lp6g | ||
| 035 | |a D8E6DC54-EEF2-4E60-8A6E-F0248ECA23BE | ||
| 040 | |a SNK |b slo |c SNK |e AACR2 | ||
| 041 | 0 | |a hun |a ger | |
| 043 | |a e-xo--- | ||
| 044 | |a xo |c SK | ||
| 072 | 7 | |a 913 |x Regionálna geografia |2 konspekt | |
| 080 | |a 913(437.6) |2 2011 | ||
| 080 | |a (084.121) |2 2011 | ||
| 080 | |a 711.73 |2 2011 | ||
| 080 | |a 726:26-523.42 |2 2011 | ||
| 245 | 0 | 0 | |a Pöstyén |h grafika |b Ferencz József ut |
| 246 | 3 | 1 | |a Pöstyén |b Franz Josefstraße |
| 260 | |a Pöstyén |b Kohn Bernát |c [medzi 1905 a 1930?] | ||
| 300 | |a 1 pohľadnica |b čiernobiela |c 9 x 14 cm | ||
| 500 | |a Názvové údaje prevzaté z obrazovej časti pohľadnice | ||
| 520 | 8 | |a Zobrazenie: Pohľad na ulicu Franca Jozefa. Vľavo je rad vysokých listnatých stromov. Vpravo je synagóga a rad budova za ňou. Na chodníku pred budovami sú v rade za sebou zasadené listnaté stromy. Chodník lemujú aj elektrické stĺpy. Vpravo v popredí je na chodníku jedna osoba. V pozadí vpravo na chodníku, pred susednou budovou od synagógy stojí skupinka ľudí | |
| 546 | |a Súbežný názov a podnázov v maď. a nem. | ||
| 650 | 0 | 7 | |a ulice |2 SNKPH |9 2938 |
| 650 | 0 | 7 | |a synagógy |2 SNKPH |9 3020 |
| 651 | 7 | |a Piešťany (Slovensko) |2 SNKPHgeo |9 23981 | |
| 655 | 7 | |a miestne pohľadnice |2 SNKPH |9 70510 | |
| 752 | |a Slovensko |d Piešťany | ||
| 852 | |a Slovenská národná knižnica | ||
| 954 | |a pohľadnice pôvodné (slovenské) |2 lita | ||
| 958 | |a OND | ||
| 958 | |a GBN | ||
| 958 | |a GC | ||
| 958 | |a EUIPO | ||
| 999 | |c 588513 |d 590443 | ||
| 952 | |a SNK |b SNK |y PREZ |7 0 |p 17A1208734 |o snkSP 21886 |z Pohľadnica prešla poštou. ; Pohľadnica je má na adresnej časti strhnutú vrstvu papiera. |0 0 |1 0 |4 0 |d 2016-08-08 |f 1 |l 0 |r 2026-02-23 15:16:18 |w 2026-02-23 | ||


